00482nam a2200181 a 4500001001300000003000900013005001700022008004100039020001000080082001500090100002100105245003800126260003100164500003500195505002800230650002100258700002100279nice12345678IN_TiNIC20260116011412.0050524s1869 kana grp 000 0 per  ac10000a297.4bISM aIsmail, Mohammad aSiratul Mustaqeem and Other Books aKanpurbNizami Pressc1869 aincludes index and biblioraphy2 afour parts in two vols. aSufism-Malfoozat1 aIsmail, Mohammad